| 000 | 00446nam a2200145 i 4500 | ||
|---|---|---|---|
| 001 | 44071 | ||
| 003 | ES-MaACL | ||
| 005 | 20230906160940.0 | ||
| 007 | t| | ||
| 008 | 030320s1950 sp ||||1| spa d | ||
| 245 | 0 | 0 |
_aCese o suspensión de industrias _b: crisis de ventas : idem. de trabajo en orden al personal... / _cCesc. |
| 260 |
_aMadrid : _bGrámer, _c1950 ( _fIbarra) |
||
| 300 |
_a34 p. ; _c21 cm. |
||
| 852 |
_aES-MaACL _j1920-F-8 _bR.29958 |
||
| 999 |
_c44071 _d44071 |
||